00550nam a2200169Ia 4500008004100000020001500041040001800056041000800074245011300082260004600195300001800241504003800259650001600297650002300313650001400336700003000350130821s1995 xxu gr eng  a0198235259 aCo-BoUCMbspa00aeng10aIdentity essays based on Herbert Spencer lectures given in the University of OxfordcEdited by Henry Harris aNueva York (Estados Unidos)bOxfordc1995 a170 páginas aIncluye bibliografía e índice04aFilosofía04aIdentidad cultural04aIdentidad1 aHarris, Henryd1925-.eEd